[Event "Landsturneringen 2016"]
[Site "Tromstunhallen, Tromsø"]
[Date "2016.07.09"]
[Round "1"]
[White "Lie, Kjetil A."]
[Black "Hobber, Anders"]
[Result "0-1"]
[WhiteElo "2520"]
[BlackElo "2333"]
[PlyCount "112"]
[EventDate "2016.??.??"]

1. c4 e6 2. Nc3 d5 3. e3 Nf6 4. Nf3 c6 5. b3 Nbd7 6. Qc2 Bd6 7. Bb2 O-O 8. Be2
a6 9. Rg1 e5 10. cxd5 cxd5 11. g4 Nb6 12. g5 Ne8 13. Na4 Nxa4 14. bxa4 Qe7 15.
Qb3 Nc7 16. Rc1 Bd7 17. h4 Rac8 18. h5 d4 19. g6 Be6 20. Bc4 b5 21. axb5 axb5
22. gxf7+ Qxf7 23. Bxe6 Nxe6 24. Rxc8 Rxc8 25. exd4 Rc4 26. d3 Rb4 27. Qd5 Rxb2
28. Qxd6 Rb1+ 29. Kd2 Rxg1 30. Qb8+ Nf8 31. Nxg1 Qxa2+ 32. Ke3 exd4+ 33. Kf3
Qd5+ 34. Kg4 Qg2+ 35. Qg3 Qxg3+ 36. fxg3 b4 37. Nf3 b3 38. Nd2 b2 39. Kf5 Kf7
40. Ke5 Ne6 41. Nb1 Ke7 42. g4 h6 43. Kd5 Kf6 44. Nd2 Nf4+ 45. Kxd4 Kg5 46. Kc3
Kxg4 47. d4 Kxh5 48. Kxb2 Kg4 49. Kc3 h5 50. Kc4 h4 51. d5 Nxd5 52. Kxd5 h3 53.
Nf1 Kf4 54. Kd4 g5 55. Kd3 g4 56. Ke2 g3 
0-1

[Event "Landsturneringen 2016"]
[Site "Tromstunhallen, Tromsø"]
[Date "2016.07.09"]
[Round "1"]
[White "Hole, Øystein"]
[Black "Getz, Nicolai"]
[Result "1/2-1/2"]
[WhiteElo "2332"]
[BlackElo "2461"]
[PlyCount "58"]
[EventDate "2016.??.??"]

1. Nf3 c5 2. c4 Nc6 3. Nc3 g6 4. d4 cxd4 5. Nxd4 Bg7 6. Nb3 b6 7. e4 d6 8. Be3
Nf6 9. f3 Bb7 10. Rc1 Nd7 11. Be2 Nc5 12. O-O O-O 13. Qd2 Nxb3 14. axb3 Na5 15.
Bd1 Qd7 16. Ra1 f5 17. exf5 Qxf5 18. Bc2 Qh5 19. Bd4 Bxd4+ 20. Qxd4 Qc5 21.
Rfd1 Nc6 22. Qxc5 bxc5 23. Be4 Rab8 24. Bxc6 Bxc6 25. Rxa7 Rfe8 26. Ra6 Rec8
27. Ra7 Re8 28. Ra6 Rec8 29. Ra7 Re8 
1/2-1/2

[Event "Landsturneringen 2016"]
[Site "Tromstunhallen, Tromsø"]
[Date "2016.07.09"]
[Round "1"]
[White "Salomon, Johan"]
[Black "Grønn, Atle"]
[Result "1-0"]
[WhiteElo "2458"]
[BlackElo "2327"]
[PlyCount "119"]
[EventDate "2016.??.??"]

1. Nf3 Nf6 2. c4 e6 3. Nc3 d5 4. d4 c6 5. Bg5 h6 6. Bxf6 Qxf6 7. e3 Nd7 8. cxd5
exd5 9. Be2 Bd6 10. O-O Qe7 11. a3 a5 12. Qc2 Nf6 13. Na4 Bg4 14. Nh4 Bxe2 15.
Qxe2 g6 16. Rac1 O-O 17. Nf3 Ne4 18. Qc2 f5 19. Nc5 Bxc5 20. dxc5 a4 21. Ne1
Ra5 22. Nd3 Rfa8 23. Rfe1 Rb5 24. f3 Ng5 25. h4 Ne6 26. h5 g5 27. e4 dxe4 28.
fxe4 f4 29. e5 Qf7 30. Qe2 Rd8 31. Rc3 Kg7 32. Nf2 Nd4 33. Qe4 Ne6 34. Ng4 Nxc5
35. Qc2 Ne6 36. Nf6 Nf8 37. Rd3 Rxd3 38. Qxd3 Qe6 39. Qd8 Rxb2 40. Ne8+ Kg8 41.
Nf6+ Kg7 42. Qc7+ Qf7 43. e6 Qxc7 44. Ne8+ Kh7 45. Nxc7 Nxe6 46. Rxe6 c5 47.
Rg6 Rd2 48. Ne8 Rd8 49. Nf6+ Kh8 50. Rxh6+ Kg7 51. Rg6+ Kf7 52. Ne4 c4 53. Nd6+
Ke7 54. Nxc4 b5 55. Ne5 Rd5 56. h6 Rxe5 57. h7 Re1+ 58. Kh2 Kf7 59. Rg8 g4 60.
h8=Q 
1-0

[Event "Landsturneringen 2016"]
[Site "Tromstunhallen, Tromsø"]
[Date "2016.07.09"]
[Round "1"]
[White "Moen, Andreas G.R."]
[Black "Elsness, Frode"]
[Result "0-1"]
[WhiteElo "2325"]
[BlackElo "2439"]
[PlyCount "60"]
[EventDate "2016.??.??"]

1. d4 Nf6 2. Nf3 d5 3. c4 e6 4. Nc3 dxc4 5. e4 Bb4 6. Bg5 c5 7. e5 cxd4 8. Qa4+
Nc6 9. O-O-O Bd7 10. Ne4 Be7 11. exf6 gxf6 12. Bh4 Qc7 13. Kb1 Qf4 14. Qc2 Nb4
15. Bg3 Qg4 16. h3 Qxg3 17. Nxg3 Nxc2 18. Kxc2 d3+ 19. Kb1 h5 20. Ne4 Bc6 21.
Ned2 Bd5 22. Rc1 b5 23. b3 Rb8 24. a4 Ba3 25. Rd1 a6 26. Ka2 Bb4 27. Nb1 Ke7
28. Rc1 Rhc8 29. Nc3 Bxf3 30. gxf3 d2 
0-1

[Event "Landsturneringen 2016"]
[Site "Tromstunhallen, Tromsø"]
[Date "2016.07.09"]
[Round "1"]
[White "Christiansen, Johan-Sebastian"]
[Black "Haug, Johannes"]
[Result "1/2-1/2"]
[WhiteElo "2411"]
[BlackElo "2318"]
[PlyCount "223"]
[EventDate "2016.??.??"]

1. c4 e5 2. g3 Nc6 3. Bg2 Bc5 4. Nc3 d6 5. e3 a6 6. Nf3 Ba7 7. d4 Bg4 8. Qa4
Bd7 9. Qc2 Nf6 10. O-O O-O 11. dxe5 dxe5 12. Nd5 Re8 13. Ng5 g6 14. Rd1 Nxd5
15. cxd5 Qxg5 16. dxc6 Bxc6 17. Bxc6 bxc6 18. Qxc6 Rad8 19. Bd2 Re6 20. Qxc7
Red6 21. Qxa7 Qf6 22. Qb7 Rxd2 23. Rxd2 Rxd2 24. Rf1 Kg7 25. a4 Qd6 26. Qb3 Qc6
27. Qb4 Rc2 28. Qb8 Qe4 29. a5 Qd5 30. Qb6 Qd3 31. b4 h5 32. h4 Rc3 33. Ra1 Rc2
34. Qb8 Qd5 35. Rb1 Ra2 36. Qc7 Qe4 37. Rc1 Rb2 38. Qc4 Qf5 39. Rf1 Qf6 40. Qc3
e4 41. Qc5 Kg8 42. Qc4 Qd6 43. Qxe4 Rxb4 44. Qe8+ Kg7 45. Ra1 Qd5 46. Qc8 Qe5
47. Rd1 Ra4 48. Qxa6 Rxa5 49. Qb7 Ra2 50. Rd4 Rc2 51. Rf4 Rc7 52. Qb4 Re7 53.
Kh2 Qe6 54. Qd4+ Qe5 55. Qd8 Re8 56. Qd3 Re7 57. Ra4 Qf6 58. Kg1 Rc7 59. Ra6
Rc3 60. Qe2 Rc2 61. Rxf6 Rxe2 62. Ra6 Rb2 63. Kg2 Rc2 64. Kf3 Rb2 65. e4 Rc2
66. Ke3 Rb2 67. Ra7 Kf6 68. f3 Rb3+ 69. Kf4 Rb4 70. Ra6+ Kg7 71. Ra1 Kf6 72. g4
hxg4 73. Kxg4 Rc4 74. Rh1 Ra4 75. h5 gxh5+ 76. Rxh5 Ke6 77. Kf4 f6 78. Rb5 Ra3
79. Rb6+ Ke7 80. Kg4 Kf7 81. f4 Ra7 82. Kf5 Ra5+ 83. e5 fxe5 84. fxe5 Ra7 85.
Rh6 Kg7 86. Rg6+ Kf8 87. Rf6+ Ke7 88. Rh6 Kf8 89. Rh8+ Kg7 90. Rd8 Kf7 91. Rc8
Ra6 92. Rc7+ Ke8 93. Ke4 Rb6 94. Ra7 Rh6 95. Kd5 Rg6 96. Rc7 Rh6 97. Ke4 Ra6
98. Kf5 Rb6 99. Ra7 Rc6 100. Ra8+ Ke7 101. Rh8 Ra6 102. Rh7+ Ke8 103. Rc7 Rb6
104. Rc5 Ra6 105. e6 Ra1 106. Kf6 Rf1+ 107. Rf5 Rxf5+ 108. Kxf5 Ke7 109. Ke5
Ke8 110. Kd6 Kd8 111. e7+ Ke8 112. Ke6 
1/2-1/2

[Event "Landsturneringen 2016"]
[Site "Tromstunhallen, Tromsø"]
[Date "2016.07.09"]
[Round "1"]
[White "Kovachev, Daniel Jakobsen"]
[Black "Nilsen, Joachim B."]
[Result "1/2-1/2"]
[WhiteElo "2315"]
[BlackElo "2407"]
[PlyCount "106"]
[EventDate "2016.??.??"]

1. d4 e6 2. e4 d5 3. Nd2 c5 4. Ngf3 cxd4 5. exd5 Qxd5 6. Bc4 Qd6 7. O-O Nc6 8.
Ne4 Qd8 9. Qe2 Be7 10. Rd1 Nf6 11. c3 O-O 12. Nxd4 Nxd4 13. Rxd4 Qc7 14. Bd3
Nxe4 15. Qxe4 f5 16. Qe2 Bf6 17. Rc4 Qe7 18. Be3 Rd8 19. Re1 Bd7 20. Bc5 Qf7
21. Rb4 b6 22. Bd4 Be7 23. Rc4 Bd6 24. Be5 Be8 25. Rd4 Bc5 26. Rxd8 Rxd8 27. b4
Bf8 28. Bc4 Bd7 29. f4 Bc8 30. a3 Bd6 31. g3 Bxe5 32. Qxe5 Re8 33. Rd1 Kf8 34.
Rd6 Qe7 35. Qd4 Kg8 36. h4 h6 37. Kf2 Kh7 38. Bd3 Qb7 39. Qe5 Qe7 40. Ke3 Qf7
41. Kd2 Qg6 42. Qe3 Qf6 43. Kc2 Rd8 44. Rxd8 Qxd8 45. Qe5 Bd7 46. c4 Qa8 47.
Qe3 Qg2+ 48. Kb3 Qh1 49. b5 Bc8 50. Bc2 Qg2 51. a4 Bd7 52. Kc3 Bc8 53. Kb3 Bd7
1/2-1/2

[Event "Landsturneringen 2016"]
[Site "Tromstunhallen, Tromsø"]
[Date "2016.07.09"]
[Round "1"]
[White "Djurhuus, Rune"]
[Black "Forså, Espen"]
[Result "1-0"]
[WhiteElo "2402"]
[BlackElo "2308"]
[PlyCount "95"]
[EventDate "2016.??.??"]

1. d4 d5 2. Bf4 Nf6 3. e3 g6 4. Nf3 Bg7 5. Be2 c5 6. O-O Qb6 7. Nc3 Bd7 8. Ne5
O-O 9. a4 Rc8 10. Nb5 Nc6 11. a5 Qd8 12. Nxd7 Qxd7 13. Nc3 Ne4 14. Nxe4 dxe4
15. c3 Qd5 16. a6 b6 17. f3 cxd4 18. fxe4 Qxe4 19. Bf3 Qe6 20. exd4 Qc4 21. Qa4
Qxa4 22. Rxa4 e6 23. d5 Ne5 24. Bxe5 Bxe5 25. dxe6 Rab8 26. exf7+ Kf8 27. Bb7
Rc7 28. Re4 Re7 29. Rfe1 Bd6 30. Rxe7 Bxe7 31. Bd5 Rd8 32. c4 b5 33. b3 Rd6 34.
Ra1 bxc4 35. bxc4 Rf6 36. g3 g5 37. g4 h5 38. gxh5 Rh6 39. Rb1 Kg7 40. Rb8 Bf8
41. Kg2 Rxa6 42. Rc8 Rd6 43. Kf3 a5 44. Ke4 Rh6 45. c5 Rxh5 46. c6 Rxh2 47. c7
Rc2 48. Kd3 
1-0

[Event "Landsturneringen 2016"]
[Site "Tromstunhallen, Tromsø"]
[Date "2016.07.09"]
[Round "1"]
[White "Merkesvik, Sondre"]
[Black "Hauge, Lars Oskar"]
[Result "1/2-1/2"]
[WhiteElo "2263"]
[BlackElo "2386"]
[PlyCount "85"]
[EventDate "2016.??.??"]

1. d4 Nf6 2. Nf3 e6 3. c4 d5 4. g3 g6 5. Bg2 Bg7 6. O-O O-O 7. Nc3 c6 8. Bg5 h6
9. Bxf6 Bxf6 10. e4 dxc4 11. e5 Be7 12. a4 c5 13. dxc5 Bxc5 14. Qc1 Kg7 15. Ne4
Be7 16. Qxc4 Bd7 17. Rfd1 Qc8 18. Qd4 Bc6 19. Rac1 Qd8 20. Nd6 Qb6 21. Qxb6
axb6 22. b3 Rd8 23. Nd4 Bxg2 24. Kxg2 Bxd6 25. Nb5 Nc6 26. Nxd6 Nxe5 27. Nxb7
Rxd1 28. Rxd1 Ra7 29. f4 Ng4 30. Rd7 Nf6 31. Rc7 g5 32. Kf3 g4+ 33. Ke2 h5 34.
Kd3 Nd5 35. Rd7 Nf6 36. Rc7 h4 37. Kc4 Nd5 38. Rd7 Nf6 39. Rc7 Nd5 40. Rd7 hxg3
41. hxg3 Nf6 42. Rc7 Ne8 43. Rd7 
1/2-1/2

[Event "Landsturneringen 2016"]
[Site "Tromstunhallen, Tromsø"]
[Date "2016.07.09"]
[Round "1"]
[White "Risting, Eivind Olav"]
[Black "Martinsen, Stig K."]
[Result "1-0"]
[WhiteElo "2376"]
[BlackElo "2206"]
[PlyCount "121"]
[EventDate "2016.??.??"]

1. d4 Nf6 2. Bg5 c5 3. d5 g6 4. Nc3 d6 5. e4 Bg7 6. Qd2 a6 7. a4 Qa5 8. Ra3 O-O
9. Bd3 Nbd7 10. Nf3 Qc7 11. b3 Qa5 12. Nb1 Qc7 13. O-O b6 14. h3 Re8 15. Re1
Bb7 16. Bc4 Rad8 17. Qd3 Qc8 18. Nc3 Ne5 19. Nxe5 dxe5 20. Raa1 Rd7 21. Rad1
Rf8 22. Bxf6 Bxf6 23. Qf3 Bg7 24. Qe2 Rd6 25. Rd3 Kh8 26. Nd1 f5 27. f3 Qd7 28.
Rc3 Qc8 29. Ne3 f4 30. Ng4 h5 31. Nf2 g5 32. Rb1 Rg6 33. Bd3 Qa8 34. a5 Qa7 35.
axb6 Qxb6 36. Ra1 Bc8 37. Rc4 Rg8 38. Rca4 Bf6 39. Rxa6 Bxa6 40. Rxa6 Qb4 41.
Bc4 R8g7 42. Bb5 g4 43. fxg4 Bh4 44. Ra4 Bxf2+ 45. Kxf2 Qc3 46. Bd7 Qg3+ 47.
Kf1 hxg4 48. Bxg4 Rxg4 49. hxg4 Rh7 50. Qf3 Rh1+ 51. Ke2 Qe1+ 52. Kd3 Rf1 53.
Qh3+ Kg7 54. g5 Qg3+ 55. Qxg3 fxg3 56. Ke3 Rf2 57. Rc4 Rxg2 58. Kf3 Rg1 59.
Rxc5 Kg6 60. Rc7 Kxg5 61. Rxe7 
1-0

[Event "Landsturneringen 2016"]
[Site "Tromstunhallen, Tromsø"]
[Date "2016.07.09"]
[Round "1"]
[White "Kjøita, Henning Jakhelln"]
[Black "Devereaux, Maxim L"]
[Result "1-0"]
[WhiteElo "2068"]
[BlackElo "2365"]
[PlyCount "71"]
[EventDate "2016.??.??"]

1. e4 e5 2. Nf3 Nc6 3. d4 exd4 4. Nxd4 Qf6 5. Nb5 Bc5 6. Qe2 Qd8 7. Qg4 Kf8 8.
Qg3 d6 9. Be3 Bxe3 10. Qxe3 a6 11. N5c3 Nf6 12. Nd2 b5 13. O-O-O Bb7 14. f3 Qe7
15. g4 Nb4 16. g5 Nfd5 17. Nxd5 Nxd5 18. Qd4 c5 19. Qg1 Nf4 20. Nb3 h6 21. Na5
Rb8 22. h4 hxg5 23. hxg5 Rxh1 24. Qxh1 Kg8 25. Qh4 Ne6 26. Nxb7 Rxb7 27. f4 Nf8
28. Bg2 Ng6 29. Qg4 Rb8 30. Rh1 f6 31. f5 Ne5 32. Qh5 Qe8 33. Qh8+ Kf7 34. g6+
Ke7 35. Qxg7+ Kd8 36. Rh8 
1-0

[Event "Landsturneringen 2016"]
[Site "Tromstunhallen, Tromsø"]
[Date "2016.07.10"]
[Round "2"]
[White "Risting, Eivind Olav"]
[Black "Salomon, Johan"]
[Result "1/2-1/2"]
[WhiteElo "2376"]
[BlackElo "2458"]
[PlyCount "135"]
[EventDate "2016.??.??"]

1. Nf3 c5 2. g3 Nc6 3. c4 g6 4. Bg2 Bg7 5. Nc3 d6 6. O-O e6 7. e3 Nge7 8. d4
O-O 9. d5 Na5 10. Nd2 exd5 11. cxd5 a6 12. Qc2 b5 13. Rb1 Bb7 14. e4 f5 15. Rd1
Qd7 16. b3 Rae8 17. Bb2 Qd8 18. Nf1 Bc8 19. Ne3 Qc7 20. Re1 Nb7 21. Ne2 Bxb2
22. Qxb2 fxe4 23. Bxe4 Nd8 24. Qc3 Nf7 25. Rbd1 Ng5 26. Bg2 Nf5 27. Nxf5 Bxf5
28. Nf4 Bg4 29. f3 b4 30. Qd3 c4 31. bxc4 Qc5+ 32. Kf1 Bf5 33. Qd4 Rxe1+ 34.
Kxe1 Re8+ 35. Kf2 Qxd4+ 36. Rxd4 a5 37. g4 Bd7 38. Nd3 Rc8 39. f4 Nf7 40. Bf3
Ba4 41. Nb2 Bd7 42. Bd1 g5 43. fxg5 Nxg5 44. h4 Nf7 45. Nd3 h6 46. Kg3 Kg7 47.
Re4 Kf6 48. Kf4 Rb8 49. Ke3 Rd8 50. Kd4 Bc8 51. Ba4 Rg8 52. Bd1 Rd8 53. Bf3 Bd7
54. Rf4+ Ke7 55. Be4 Rg8 56. Bf3 Rd8 57. Be4 Rg8 58. Bf3 Rd8 59. Re4+ Kf6 60.
Be2 Bc8 61. c5 dxc5+ 62. Nxc5 Nd6 63. Rf4+ Ke7 64. Bd3 Rg8 65. Be2 Rd8 66. Rf1
Rg8 67. Rf4 Rd8 68. Bd3 
1/2-1/2

[Event "Landsturneringen 2016"]
[Site "Tromstunhallen, Tromsø"]
[Date "2016.07.10"]
[Round "2"]
[White "Elsness, Frode"]
[Black "Kjøita, Henning Jakhelln"]
[Result "1/2-1/2"]
[WhiteElo "2439"]
[BlackElo "2068"]
[PlyCount "222"]
[EventDate "2016.??.??"]

1. d4 Nf6 2. c4 e6 3. Nf3 Bb4+ 4. Bd2 a5 5. g3 d5 6. Bg2 Nc6 7. O-O O-O 8. Bg5
Be7 9. Qc2 h6 10. Bxf6 Bxf6 11. Rd1 Qe7 12. Nc3 Rd8 13. a3 dxc4 14. e3 a4 15.
Nxa4 b5 16. Nc5 Rb8 17. a4 Nb4 18. Qd2 Na6 19. Ne4 Qb4 20. Qc2 bxa4 21. Rxa4
Qxb2 22. Nxf6+ gxf6 23. Qxc4 Qb3 24. Qxb3 Rxb3 25. Rda1 Nb8 26. Nd2 Rb2 27. Ne4
Kg7 28. R4a2 Rxa2 29. Rxa2 e5 30. Rd2 exd4 31. exd4 Bb7 32. Nxf6 Kxf6 33. Bxb7
Nd7 34. Rc2 Nf8 35. d5 Rd7 36. Rc6+ Kg7 37. Rc5 Ng6 38. f4 h5 39. Kf2 h4 40.
Ke3 Re7+ 41. Kf3 hxg3 42. hxg3 Nf8 43. Bc8 Nh7 44. Bf5 Nf6 45. g4 Ne8 46. Rc1
Nd6 47. Bd3 Nc8 48. Rd1 Re8 49. Rc1 Nb6 50. Bb5 Ra8 51. Ke4 Ra5 52. Bc6 Ra2 53.
Bb7 Ra4+ 54. Kf5 Rc4 55. Rxc4 Nxc4 56. Kg5 Nd6 57. Bc6 f6+ 58. Kh5 Ne4 59. g5
fxg5 60. fxg5 Nd6 61. Kg4 Kf7 62. Kf4 Nc8 63. Ba4 Ke7 64. Kf5 Kf7 65. Bb3 Ne7+
66. Kg4 Kg7 67. Kh5 Ng6 68. Ba2 Ne7 69. Kg4 Kg6 70. Bb1+ Kf7 71. Be4 Nc8 72.
Kf4 Nd6 73. Bd3 Nb7 74. Ke5 Nc5 75. Bc2 Nd7+ 76. Kf5 Nf8 77. Bd1 Kg7 78. Bh5
Nd7 79. Be8 Nb6 80. Ke6 Kf8 81. Bb5 Kg7 82. Bd3 Na4 83. Bf5 Nc3 84. Ke5 Nb5 85.
Bd3 Nc3 86. Kd4 Na4 87. Bc2 Nb6 88. Kc5 Nc8 89. Be4 Ne7 90. Kd4 Nc8 91. Bf5 Nd6
92. Ke5 Nf7+ 93. Kf4 Nd6 94. Bb1 Kf7 95. Ke5 Nb5 96. Bd3 Nd6 97. Kd4 Nb7 98.
Kc4 Ke7 99. Kb5 Nd8 100. Kc5 Nf7 101. g6 Ne5 102. Bc2 Kf6 103. Kb5 Ng4 104. Kc5
Ne5 105. Be4 Ng4 106. Kd4 Nh6 107. Ke3 Ng8 108. Kd4 Ne7 109. Kc5 Kg7 110. Bd3
Kf6 111. Bc2 Kg7 
1/2-1/2

[Event "Landsturneringen 2016"]
[Site "Tromstunhallen, Tromsø"]
[Date "2016.07.10"]
[Round "2"]
[White "Hobber, Anders"]
[Black "Djurhuus, Rune"]
[Result "0-1"]
[WhiteElo "2333"]
[BlackElo "2402"]
[PlyCount "64"]
[EventDate "2016.??.??"]

1. d4 Nf6 2. Nf3 g6 3. c3 Bg7 4. Bg5 h6 5. Bh4 d6 6. Nbd2 c5 7. dxc5 dxc5 8. e4
O-O 9. Bc4 Nc6 10. O-O Na5 11. Be2 Be6 12. Qc2 Nh5 13. Rfd1 Qc7 14. Nf1 Rfd8
15. Rxd8+ Rxd8 16. Bg3 Nxg3 17. hxg3 Nc4 18. Bxc4 Bxc4 19. Rd1 Bb5 20. Ne3 e6
21. Rxd8+ Qxd8 22. Qd2 Qd3 23. Qxd3 Bxd3 24. Nd2 h5 25. f3 b5 26. Nb3 Bf8 27.
Kf2 c4 28. Nc1 Bc5 29. Ne2 e5 30. Nc1 Kg7 31. Ne2 Kf6 32. Ng1 Ke6 
0-1

[Event "Landsturneringen 2016"]
[Site "Tromstunhallen, Tromsø"]
[Date "2016.07.10"]
[Round "2"]
[White "Urkedal, Frode Olav Olsen"]
[Black "Hole, Øystein"]
[Result "1-0"]
[WhiteElo "2557"]
[BlackElo "2332"]
[PlyCount "97"]
[EventDate "2016.??.??"]

1. d4 d5 2. c4 c6 3. Nf3 Nf6 4. Nc3 dxc4 5. a4 Bf5 6. Ne5 Nbd7 7. Nxc4 Qc7 8.
g3 e5 9. dxe5 Nxe5 10. Bf4 Nfd7 11. Bg2 g5 12. Ne3 gxf4 13. Nxf5 O-O-O 14. Qc2
fxg3 15. hxg3 h5 16. O-O-O Kb8 17. Ne4 Bb4 18. f4 Ng4 19. Bf3 Ndf6 20. Nxf6
Nxf6 21. e4 Ng4 22. Rxd8+ Qxd8 23. Kb1 a5 24. e5 Qc8 25. Nd6 Bxd6 26. exd6 Nf6
27. Qc5 Qe6 28. Rd1 Qb3 29. d7 Nd5 30. Qd4 Rd8 31. Bxd5 cxd5 32. Qe5+ Ka7 33.
Rxd5 Qc4 34. Rxa5+ Kb6 35. Rb5+ Kc6 36. Qf6+ Kxd7 37. Rxb7+ Kc8 38. Rb8+ Kxb8
39. Qxd8+ Kb7 40. Qd7+ Ka8 41. Qb5 Qe4+ 42. Ka2 h4 43. gxh4 Qxf4 44. h5 Qe4 45.
Ka3 f5 46. Qa5+ Kb7 47. Qb4+ Qxb4+ 48. Kxb4 f4 49. Kc3 
1-0

[Event "Landsturneringen 2016"]
[Site "Tromstunhallen, Tromsø"]
[Date "2016.07.10"]
[Round "2"]
[White "Getz, Nicolai"]
[Black "Kovachev, Daniel Jakobsen"]
[Result "1/2-1/2"]
[WhiteElo "2461"]
[BlackElo "2315"]
[PlyCount "120"]
[EventDate "2016.??.??"]

1. e4 e6 2. d4 d5 3. Nd2 Be7 4. Bd3 c5 5. dxc5 Nf6 6. Qe2 O-O 7. Ngf3 a5 8.
exd5 exd5 9. O-O Na6 10. Nb3 Nxc5 11. Nbd4 Nxd3 12. Qxd3 Ne4 13. Bf4 Re8 14. c3
Nc5 15. Qc2 Ne6 16. Be3 Nxd4 17. Bxd4 Bg4 18. Ne5 Be6 19. Rae1 Bd6 20. Re3 f6
21. Nf3 Bf7 22. a4 Rxe3 23. Bxe3 Qc7 24. h3 Re8 25. Nd4 Qc4 26. b3 Bh2+ 27.
Kxh2 Qxf1 28. Qf5 Qa6 29. Qd7 Qa8 30. Nf5 Qd8 31. Qxb7 Qb8+ 32. Qxb8 Rxb8 33.
Nd4 Bh5 34. g4 Bg6 35. Bd2 Be8 36. Kg3 Kf7 37. Kf4 g5+ 38. Ke3 h5 39. Kd3 Bd7
40. f3 Rc8 41. Be3 Kg6 42. Bd2 Rf8 43. c4 dxc4+ 44. Kxc4 f5 45. Bxa5 fxg4 46.
fxg4 hxg4 47. hxg4 Bxg4 48. Kd5 Bd1 49. Bc7 Rc8 50. Be5 Rc3 51. a5 Bxb3+ 52.
Nxb3 Rxb3 53. Kc6 Kf5 54. Bd4 Ke6 55. a6 Ra3 56. a7 g4 57. Kb7 Kd5 58. Bb6 g3
59. a8=Q Rxa8 60. Kxa8 Ke5 
1/2-1/2

[Event "Landsturneringen 2016"]
[Site "Tromstunhallen, Tromsø"]
[Date "2016.07.10"]
[Round "2"]
[White "Hauge, Lars Oskar"]
[Black "Christiansen, Johan-Sebastian"]
[Result "1/2-1/2"]
[WhiteElo "2386"]
[BlackElo "2411"]
[PlyCount "129"]
[EventDate "2016.??.??"]

1. Nf3 d5 2. g3 Bg4 3. Bg2 Nd7 4. c4 e6 5. cxd5 exd5 6. O-O Ngf6 7. d3 Bc5 8.
Nc3 c6 9. Qb3 Qc8 10. h3 Bxf3 11. Bxf3 O-O 12. Bf4 Bb6 13. Rac1 Nc5 14. Qb4 Na6
15. Qb3 Nc5 16. Qb4 Qxh3 17. Bd6 Na6 18. Qf4 Rfc8 19. Be5 Bc7 20. d4 Qe6 21.
Kg2 Nd7 22. Bg4 Bxe5 23. dxe5 Qe7 24. Rh1 Rd8 25. Bxd7 Rxd7 26. Rh4 Nc7 27.
Rch1 Ne6 28. Qg4 Nf8 29. Rxh7 Nxh7 30. Qh3 f6 31. e6 g6 32. exd7 Rd8 33. Qh6
Qg7 34. Qe3 Rxd7 35. Qxa7 Qe7 36. e3 c5 37. Qa4 d4 38. exd4 cxd4 39. Rd1 Qd6
40. Qc4+ Kg7 41. Nb5 Qa6 42. Rxd4 Rxd4 43. Qc7+ Kh6 44. Nxd4 Ng5 45. Qd8 Qxa2
46. Qxf6 Qd5+ 47. Nf3 Nxf3 48. Qxf3 Qb5 49. Qc3 Kh7 50. Qd4 Qc6+ 51. Kh2 b5 52.
b4 Qc4 53. Qd6 Kg7 54. Kg1 Qe2 55. Qd4+ Kg8 56. Kg2 Kh7 57. g4 Kg8 58. Kg3 Kh7
59. Kf4 Qe7 60. Qc5 Qd7 61. g5 Qe8 62. Qd4 Qe7 63. f3 Qe8 64. Qd6 Qf8+ 65. Qxf8
1/2-1/2

[Event "Landsturneringen 2016"]
[Site "Tromstunhallen, Tromsø"]
[Date "2016.07.10"]
[Round "2"]
[White "Nilsen, Joachim B."]
[Black "Merkesvik, Sondre"]
[Result "1-0"]
[WhiteElo "2407"]
[BlackElo "2263"]
[PlyCount "65"]
[EventDate "2016.??.??"]

1. c4 Nf6 2. g3 g6 3. Bg2 d5 4. cxd5 Nxd5 5. Qb3 c6 6. Nc3 Nb6 7. Nf3 Bg7 8.
O-O e5 9. Qa3 Be6 10. Ne4 Nc4 11. Qb4 Qb6 12. Qc3 Bd5 13. d3 Bxe4 14. dxe4 Nd6
15. Qd3 Nb5 16. Rd1 O-O 17. Be3 Qa6 18. Bh3 Nc7 19. Qc2 b6 20. b4 Qb7 21. Rab1
Nba6 22. Rdc1 Nb8 23. a4 Rd8 24. Bg5 f6 25. Qb3+ Kf8 26. Be3 Ne8 27. Be6 Nd6
28. Rd1 Ke7 29. Bg8 Qd7 30. Rxd6 Kxd6 31. Rd1+ Kc7 32. Rxd7+ Nxd7 33. Bxh7 
1-0

[Event "Landsturneringen 2016"]
[Site "Tromstunhallen, Tromsø"]
[Date "2016.07.10"]
[Round "2"]
[White "Haug, Johannes"]
[Black "Mihajlov, Sebastian"]
[Result "1/2-1/2"]
[WhiteElo "2318"]
[BlackElo "2360"]
[PlyCount "113"]
[EventDate "2016.??.??"]

1. e4 c6 2. d4 d5 3. e5 Bf5 4. h4 c5 5. Nc3 Nc6 6. Bb5 Bd7 7. Bxc6 bxc6 8. dxc5
Nh6 9. Nf3 Bg4 10. Bxh6 gxh6 11. Qd4 Rg8 12. O-O-O Bd7 13. g3 Qa5 14. Nd2 Rg4
15. f4 Rxg3 16. Nb3 Qa6 17. Rdg1 Rg4 18. h5 O-O-O 19. Rxg4 Bxg4 20. Qg1 Bf3 21.
Rh3 Be4 22. Nxe4 dxe4 23. Qe1 f5 24. exf6 exf6 25. f5 Qc4 26. Re3 Re8 27. Qa5
Re5 28. Nd2 Qxc5 29. Qa6+ Kc7 30. Qe2 Rxf5 31. Nxe4 Qd5 32. Ng3 Rg5 33. Qd3 Qg2
34. Qxh7+ Rg7 35. Qe4 Qg1+ 36. Kd2 Bc5 37. Rd3 Qh2+ 38. Kc3 Qf2 39. Nf5 Rg2 40.
Nd4 Bxd4+ 41. Rxd4 Rg3+ 42. Kb4 Qe3 43. Qxe3 Rxe3 44. Rg4 Re5 45. Rg6 Rxh5 46.
Rxf6 Rh2 47. Kc3 h5 48. Rh6 h4 49. a4 a5 50. b3 h3 51. Rh8 Rh1 52. Rh6 h2 53.
Rh7+ Kb6 54. Rh5 Kc7 55. Rh7+ Kb6 56. Rh5 Kc7 57. Rh7+ 
1/2-1/2

[Event "Landsturneringen 2016"]
[Site "Tromstunhallen, Tromsø"]
[Date "2016.07.10"]
[Round "2"]
[White "Forså, Espen"]
[Black "Lie, Kjetil A."]
[Result "1/2-1/2"]
[WhiteElo "2308"]
[BlackElo "2520"]
[PlyCount "113"]
[EventDate "2016.??.??"]

1. e4 d6 2. d4 Nf6 3. Nc3 e5 4. dxe5 dxe5 5. Qxd8+ Kxd8 6. f4 Nc6 7. Nf3 Bd6 8.
Bb5 exf4 9. Bxc6 bxc6 10. e5 Re8 11. Bxf4 Nh5 12. Bg5+ f6 13. O-O-O fxg5 14.
exd6 Bg4 15. d7 Re7 16. Na4 Bxf3 17. gxf3 Nf6 18. Nc5 Nxd7 19. h4 gxh4 20. Rxh4
Kc8 21. Nxd7 Rxd7 22. Rxh7 Rf7 23. Rg1 Kb7 24. Rgxg7 Rxg7 25. Rxg7 Rf8 26. Rg3
Rf5 27. b3 a5 28. Kb2 Kb6 29. Kc3 a4 30. Kb4 Rf4+ 31. Ka3 c5 32. Rg4 Rxf3 33.
Rxa4 Rf2 34. Kb2 Rf8 35. Rh4 c6 36. a4 Rg8 37. Kc3 Rg2 38. Kd3 Rf2 39. Rg4 Rh2
40. Rf4 Rg2 41. c3 Rg5 42. Kc4 Rh5 43. Rg4 Rf5 44. Rh4 Rg5 45. b4 cxb4 46. cxb4
Rg7 47. a5+ Kb7 48. Kc5 Rg5+ 49. Kd6 Rd5+ 50. Ke6 Rb5 51. Rc4 Kc7 52. Ke7 Re5+
53. Kf6 Rb5 54. Ke6 Kb7 55. Kd7 Rd5+ 56. Ke7 Re5+ 57. Kd6 
1/2-1/2

[Event "Landsturneringen 2016"]
[Site "Tromstunhallen, Tromsø"]
[Date "2016.07.10"]
[Round "2"]
[White "Devereaux, Maxim L"]
[Black "Moen, Andreas G.R."]
[Result "1-0"]
[WhiteElo "2365"]
[BlackElo "2325"]
[PlyCount "131"]
[EventDate "2016.??.??"]

1. e4 e5 2. Nf3 Nf6 3. d4 Nxe4 4. dxe5 d5 5. Nbd2 Be7 6. Nxe4 dxe4 7. Qxd8+
Bxd8 8. Nd4 Nc6 9. Nxc6 bxc6 10. Bc4 O-O 11. Bf4 Be6 12. Bb3 Bxb3 13. axb3 f5
14. h4 a5 15. Ra4 Be7 16. Ke2 Kf7 17. g3 Rfb8 18. h5 Ke6 19. Rha1 Rb5 20. f3
exf3+ 21. Kxf3 Ra6 22. g4 fxg4+ 23. Kxg4 Ra8 24. Rc4 Ra6 25. Kf3 Rb4 26. Rxb4
Bxb4 27. Ke4 Rb6 28. Kd3 Rb5 29. c3 Be7 30. Kc2 Rb8 31. Rxa5 Rf8 32. Bd2 Rf5
33. h6 gxh6 34. Ra6 Kd7 35. e6+ Kd6 36. c4 h5 37. Bb4+ Kxe6 38. Bxe7 Kxe7 39.
Rxc6 Kd7 40. Rh6 c5 41. b4 cxb4 42. Kb3 Ke7 43. Kxb4 Kf7 44. Rxh7+ Kg6 45. Rh8
Kg7 46. Rd8 Rf8 47. Rd1 Rb8+ 48. Kc3 Rh8 49. b4 h4 50. b5 h3 51. b6 h2 52. c5
h1=Q 53. Rxh1 Rxh1 54. b7 Rb1 55. c6 Rc1+ 56. Kd4 Rxc6 57. b8=Q Re6 58. Kd5 Rf6
59. Ke5 Rf8 60. Qb2 Rf6 61. Qd4 Rf1 62. Ke6+ Kg8 63. Qg4+ Kf8 64. Qh3 Re1+ 65.
Kf6 Re6+ 66. Kxe6 
1-0

[Event "Landsturneringen 2016"]
[Site "Tromstunhallen, Tromsø"]
[Date "2016.07.10"]
[Round "2"]
[White "Grønn, Atle"]
[Black "Martinsen, Stig K."]
[Result "1-0"]
[WhiteElo "2327"]
[BlackElo "2206"]
[PlyCount "63"]
[EventDate "2016.??.??"]

1. Nf3 d6 2. d4 g6 3. g3 f5 4. Bg2 Nf6 5. c3 Bg7 6. O-O O-O 7. Nbd2 Nc6 8. Qb3+
e6 9. Ne1 Kh8 10. Nd3 Qe7 11. e4 e5 12. Re1 fxe4 13. Nxe4 Nxe4 14. Bxe4 Qf6 15.
dxe5 Nxe5 16. f4 Ng4 17. Bd2 Rb8 18. Bf3 Bd7 19. Re2 Qf7 20. Kg2 Nf6 21. Rae1
Qxb3 22. axb3 c6 23. Be3 a6 24. Bb6 Rbc8 25. Re7 Rfe8 26. Bd4 Bf5 27. Bxf6 Rxe7
28. Bxe7 Bxd3 29. Bxd6 Bf6 30. Bg4 Rg8 31. Re6 Kg7 32. Be7 
1-0